|
|
|
|
| LEADER |
02854nam a2200649 a 4500 |
| 001 |
nkc20102105508 |
| 003 |
CZ PrNK |
| 005 |
20110418131850.0 |
| 007 |
ta |
| 008 |
100507s2010 xr ac f m 000 0 cze |
| 015 |
|
|
|a cnb002105508
|
| 020 |
|
|
|a 978-80-248-2221-1
|q (brož.) :
|c neprodejné
|
| 035 |
|
|
|a (OCoLC)724292941
|
| 040 |
|
|
|a OLA001
|b cze
|d BOA001
|
| 041 |
1 |
|
|a cze
|a eng
|b eng
|h cze
|
| 072 |
|
7 |
|a 662
|x Výbušniny. Paliva
|2 Konspekt
|9 19
|
| 080 |
|
|
|a 66.041
|2 MRF
|
| 080 |
|
|
|a 662.613.5
|2 MRF
|
| 080 |
|
|
|a 536
|2 MRF
|
| 080 |
|
|
|a 620.91
|2 MRF
|
| 080 |
|
|
|a 620.9:330.567.25
|2 MRF
|
| 080 |
|
|
|a (043.3)
|2 MRF
|
| 080 |
|
|
|a (048.3)
|2 MRF
|
| 100 |
1 |
|
|a Pražák, Vilém,
|d 1979-
|7 ola2011630799
|4 dis
|
| 245 |
1 |
0 |
|a Využití tepelné energie spalin u kontinuálně pracujících pecních agregátů :
|b autoreferát doktorské disertační práce /
|c Vilém Pražák
|
| 246 |
1 |
|
|i Souběžný název na obálce:
|a Recovery of exhaust gas energy of continuously working heat furnace devices
|
| 250 |
|
|
|a 1. vyd.
|
| 260 |
|
|
|a Ostrava :
|b VŠB - Technická univerzita Ostrava,
|c 2010
|
| 300 |
|
|
|a 44 s. :
|b il. (převážně barev.), 1 portrét ;
|c 21 cm
|
| 490 |
1 |
|
|a Vědecké spisy Fakulty strojní. Autoreferáty disertačních prací ;
|v sv. 153
|
| 500 |
|
|
|a "Studijní program: P-23-01, Strojní inženýrství, studijní obor: 2302V019, Stavba výrobních strojů a zařízení"
|
| 500 |
|
|
|a Autoreferát disertační práce (Ph.D.)--Vysoká škola báňská - Technická univerzita Ostrava, Fakulta strojní, katedra výrobních strojů a konstruování, 2010
|
| 500 |
|
|
|a 35 výt.
|
| 504 |
|
|
|a Obsahuje bibliografie
|
| 546 |
|
|
|a Část. souběžný anglický text, anglické resumé
|
| 650 |
0 |
7 |
|a pece
|7 ph270308
|2 czenas
|
| 650 |
0 |
7 |
|a spaliny
|7 ph634293
|2 czenas
|
| 650 |
0 |
7 |
|a teplo
|7 ph126585
|2 czenas
|
| 650 |
0 |
7 |
|a energetické zdroje
|7 ph114469
|2 czenas
|
| 650 |
0 |
7 |
|a energetické úspory
|7 ph202532
|2 czenas
|
| 650 |
0 |
9 |
|a furnaces
|2 eczenas
|
| 650 |
0 |
9 |
|a flue gases
|2 eczenas
|
| 650 |
0 |
9 |
|a heat
|2 eczenas
|
| 650 |
0 |
9 |
|a power resources
|2 eczenas
|
| 650 |
0 |
9 |
|a energy savings
|2 eczenas
|
| 655 |
|
7 |
|a disertace
|7 fd132024
|2 czenas
|
| 655 |
|
7 |
|a autoreferáty
|7 fd131857
|2 czenas
|
| 655 |
|
9 |
|a dissertations
|2 eczenas
|
| 655 |
|
9 |
|a autoabstracts
|2 eczenas
|
| 710 |
2 |
|
|a Vysoká škola báňská - Technická univerzita Ostrava.
|b Katedra výrobních strojů a konstruování
|7 kn20020409002
|
| 810 |
2 |
|
|a Vysoká škola báňská - Technická univerzita Ostrava.
|b Strojní fakulta.
|t Vědecké spisy.
|p Autoreferáty disertačních prací
|0 s
|
| 910 |
2 |
|
|a BOA001
|b 2-1264.205
|
| 928 |
9 |
|
|a Vysoká škola báňská - Technická univerzita Ostrava
|
| 990 |
|
|
|a BK
|
| 995 |
|
|
|a 01
|
| 991 |
|
|
|b 201103
|c NOV
|e n
|
| 996 |
6 |
|
|b 2610473079
|c 2-1264.205
|l MZK
|r Sklad / do 1 hodiny
|n 0
|p p.v.
|w 001173018
|u 000010
|a 1
|e BOA001
|j MZK50
|s P
|